000 00821nam a2200277 a 4500
001 000011567
003 DO-SdBNP
005 20170928102659.0
007 000011567
008 091021s2001 dr 000 f spa d
020 _a9934861089
040 _aBPMSU
_bspa
_cBPMSU
082 4 _aRD863.44
_bG216u
092 _2
100 1 _aGarcía, José Enrique,
_d1948-
245 1 4 _aUna vez un hombre /
_cJosé Enriquez García
260 _aSanto Domingo :
_bAlfaguara,
_c2001
300 _a205 p. ;
_c21 cm.
500 _aIncluye datos biográficos del autor en la solapa de la cubierta.
650 4 _aNOVELA DOMINICANA
650 4 _aLITERATURA DOMINICANA
910 _aValidado. Control de calidad BNPHU
942 _2ddc
_cBK
945 _aInventariado / 2017 VM
956 _aVMATEO
_b10
_c20150511
_lBPMSU
_h00151
999 _c7849
_d7849